00496nam a2200169Ia 450000500170000000800410001702000150005808200220007310000140009524500720010926000740018130000160025565000150027165000100028665000190029665000110031520250210033139.0240331s9999 xx 000 0 und d a1558610693 bHUS24021a304.66 aHuston, P 0aMotherhood by Choice:bPioneers in Women's Health & Family Planning aNew YorkbThe Feminist Press at The City University of New Yorkc1992 aix, 182 p., aMotherhood aWomen aWomen's Health aFamily